100 Biggest Cities in New Zealand - Statistics

General Stats
  • This quiz has been taken 377 times
    371 since last reset
  • The average score is 19 of 100
Answer Stats
Rank Population City % Correct
1 418,000 Auckland
99%
2 382,000 Wellington
99%
3 364,000 Christchurch
93%
5 114,000 Dunedin
70%
4 153,000 Hamilton
70%
11 59,000 Nelson
56%
6 110,000 Tauranga
54%
9 66,000 Rotorua
52%
17 47,000 Invercargill
51%
12 57,000 Napier
51%
38 10,000 Queenstown
48%
8 76,000 Palmerston North
47%
16 49,000 New Plymouth
44%
20 34,000 Gisborne
42%
7 101,000 Lower Hutt
42%
15 51,000 Whangarei
42%
10 62,000 Hastings
41%
25 22,000 Taupo
38%
19 48,000 Upper Hutt
38%
23 27,000 Blenheim
35%
40 9,000 Greymouth
32%
22 28,000 Timaru
29%
34 13,000 Oamaru
26%
79 3,000 Picton
26%
18 40,000 Wanganui
26%
60 4,000 Wanaka
25%
29 19,000 Whakatane
24%
91 2,000 Kaikoura
23%
27 21,000 Masterton
23%
44 7,000 Thames
22%
21 30,000 Ashburton
21%
31 15,000 Cambridge
21%
28 20,000 Levin
20%
14 51,000 Porirua
20%
69 4,000 Westport
20%
35 12,000 Gore
19%
51 6,000 Kerikeri
17%
98 2,000 Bluff
16%
93 2,000 Te Anau
15%
36 11,000 Hawera
14%
24 25,000 Paraparaumu
14%
92 2,000 Arrowtown
13%
32 14,000 Tokoroa
13%
74 3,000 Whitianga
13%
49 6,000 Matamata
12%
73 3,000 Turangi
12%
71 3,000 Warkworth
12%
55 5,000 Dargaville
11%
43 7,000 Motueka
11%
65 4,000 Paeroa
10%
81 3,000 Raglan
10%
33 14,000 Richmond
10%
77 3,000 Rolleston
10%
63 4,000 Whangamata
10%
54 5,000 Foxton
9%
89 2,000 Lincoln
9%
59 4,000 Balclutha
8%
76 3,000 Katikati
8%
64 4,000 Opotiki
8%
50 6,000 Otaki
8%
97 2,000 Paihia
8%
56 5,000 Waihi
8%
62 4,000 Wairoa
8%
96 2,000 Wellsford
8%
39 10,000 Kaiapoi
6%
42 8,000 Waiuku
6%
45 7,000 Kawerau
5%
52 5,000 Ngaruawahia
5%
84 3,000 Otorohanga
5%
48 6,000 Waitara
5%
13 55,000 Mangere
4%
37 11,000 Takanini
4%
90 2,000 Winton
4%
86 2,000 Kingston
3%
95 2,000 Milton
3%
47 7,000 Papatowai
3%
46 7,000 Petone
3%
80 3,000 Ruakaka
3%
94 2,000 Waihi Beach
3%
78 3,000 Woodend
3%
88 2,000 Eltham
2%
72 3,000 Hokitita
2%
41 9,000 Pakuranga
2%
61 4,000 Tamaki
2%
30 17,000 Taradale
2%
99 2,000 Waipawa
2%
66 4,000 Brooklyn
1%
68 4,000 Kelburn
1%
87 2,000 Muriwai Beach
1%
58 5,000 Murrays Bay
1%
100 2,000 Murupara
1%
70 4,000 Prebbleton
1%
26 21,000 Pukekohe East
1%
85 3,000 Red Hill
1%
57 5,000 Rosebank
1%
53 5,000 Rothesay Bay
1%
83 3,000 Tinwald
1%
75 3,000 Titirangi
1%
82 3,000 Waimate North
1%
67 4,000 Wiri
1%
No matching quizzes found
Score Distribution
Percent of People with Each Score
Percentile by Number Answered
Your Score History
You have not taken this quiz since the last reset